000 00954cpcaa2200265 4500
001 mm 79005920
003 DLC
005 20260227111653.0
008 790423|||||||||||| eng
010 _amm 79005920
040 _aDLC
_cDLC
_edacs
_dDLC
072 7 _aN
_2lcmd
100 1 _aDoddridge, Philip,
_d1773-1832.
245 0 0 _aPhilip Doddridge family papers,
_f1791-1925.
300 _a49
_fitems.
506 _aOpen to research.
533 _aIn part, negative photocopy and typewritten transcript.
_b[S.l.].
545 0 _aU.S. representative of Virginia.
546 _aCollection material in English.
580 _aForms part of: Miscellaneous Manuscripts collection.
600 3 0 _aDoddridge family.
656 7 _aRepresentatives, U.S. Congress
_zVirginia.
_2itoamc
999 _c42062
_d42062